Statistics for Synonym Chain

Click here to take the quiz!

General Stats

  • This quiz has been taken 40 times
  • The average score is 13 of 20

Answer Stats

WordLink% Correct
IntoxicatedDrunk
94%
ConsumeEat
91%
WorldEarth
88%
EmbraceHug
84%
Australian BearKoala
84%
UntruthLie
84%
ClapApplaud
81%
FireplaceHearth
72%
GratuityTip
72%
JumpLeap
66%
GiveDonate
63%
BadnessEvil
63%
GratisFree
63%
AvariceGreed
56%
StampsPostage
50%
RaptorEagle
44%
PigSow
38%
SmellWhiff
25%
SovereignEmpress
22%
BirdFowl
22%

Score Distribution

Percentile by Number Answered

Percent of People with Each Score

Your Score History

You have not taken this quiz